Statistics for Broadway - Goo Goo Dolls Lyrics

Click here to take the quiz!

General Stats

  • This quiz has been taken 8 times
  • The average score is 268 of 337

Answer Stats

Lyric% Correct
a
100%
A
100%
bar
100%
Broadway
100%
dark
100%
I
100%
in
100%
is
100%
It
100%
it
100%
little
100%
man
100%
old
100%
sittin'
100%
than
100%
The
100%
the
100%
to
100%
To
100%
tonight
100%
used
100%
and
86%
And
86%
be
86%
bit
86%
die
86%
for
86%
gone
86%
his
86%
livin'
86%
man's
86%
not
86%
See
86%
see
86%
turn
86%
Waitin'
86%
you
86%
You
86%
young
86%
Your
86%
your
86%
ain't
71%
all
71%
anger
71%
but
71%
cowboy
71%
down
71%
far
71%
forgotten
71%
Forgotten
71%
got
71%
here
71%
it's
71%
kills
71%
know
71%
light
71%
love
71%
On
71%
on
71%
rockstar
71%
that
71%
too
71%
we
71%
weaker
71%
When
71%
when
71%
world
71%
you'd
71%
you're
71%
about
57%
always
57%
around
57%
been
57%
best
57%
choke
57%
day
57%
don't
57%
face
57%
faded
57%
Friday
57%
girls
57%
gonna
57%
hell
57%
hides
57%
home
57%
impress
57%
like
57%
loser's
57%
me
57%
night's
57%
of
57%
off
57%
one
57%
only
57%
parade
57%
rains
57%
run
57%
someplace
57%
talk
57%
they've
57%
up
57%
you've
57%
Cause
43%
dim
43%
drink
43%
Forget
43%
fun
43%
going
43%
joke
43%
listen
43%
mind
43%
missin'
43%
nobody's
43%
point
43%
pray
43%
round
43%
small
43%
sober
43%
son
43%
statues
43%
thinkin'
43%
years
43%
slapped
29%

Score Distribution

Percentile by Number Answered

Percent of People with Each Score

Your Score History

You have not taken this quiz